000 00497nam a2200193Ia 4500
008 131103s9999 xx 000 0 und d
020 _a8181750055
_cRs.30.00
040 _aLoreto College
041 _aEnglish
082 _a891.44B/HUG-GUH
_bLCBED/14914
100 _aGuha,Chinmoy
245 _aVictor Hugo
_cChinmoy Guha
260 _aKolkata
_bPapirus
_c2003
300 _a63p.
_c 18cm.
650 _aHugo,Victor
651 _aBiography
850 _aLCBED/891.44B/HUG-GUH
942 _cBK
999 _c38211
_d88690